000 00850cam a22002293a 4500
001 7355
003 PGUSA
005 20140828083143.0
008 050101s2005||||xxu|||||s|||||000 | eng d
040 _aPGUSA
_beng
042 _adc
050 4 _aF350.5
100 1 _aWharton, William H.
_q(William Harris),
_d1802-1839
245 1 0 _aTexas :
_bA Brief Account of the Origin, Progress and Present State of the Colonial Settlements of Texas; Together with an Exposition of the Causes which have induced the Existing War with Mexico
_h[electronic resource] /
_cWilliam H. Wharton
260 _bProject Gutenberg,
_c2005
506 _aPublic domain in the USA.
516 _aElectronic text
653 _aTexas -- History -- Revolution, 1835-1836
830 0 _aProject Gutenberg
_v7355
856 4 0 _uhttp://www.gutenberg.org/ebooks/7355
942 _cEB
999 _c236675
_d236675